Copyright interpreting the law for libraries archives and information services (Record no. 103402)

MARC details
000 -LEADER
fixed length control field 00794cam a2200241 4500
008 - FIXED-LENGTH DATA ELEMENTS--GENERAL INFORMATION
fixed length control field 040318n2004 000 0 eng u
020 ## - INTERNATIONAL STANDARD BOOK NUMBER
International Standard Book Number 1856045080
035 ## - SYSTEM CONTROL NUMBER
System control number (Sirsi) u125475
041 ## - LANGUAGE CODE
Language code of text/sound track or separate title eng
050 ## - LIBRARY OF CONGRESS CALL NUMBER
Classification number 346.410482
-- 18
100 ## - MAIN ENTRY--PERSONAL NAME
Personal name Cornish, Graham P
245 ## - TITLE STATEMENT
Title Copyright interpreting the law for libraries archives and information services
250 ## - EDITION STATEMENT
Edition statement 4th ed.
260 ## - PUBLICATION, DISTRIBUTION, ETC.
Place of publication, distribution, etc. London
Name of publisher, distributor, etc. Facet Publishing
Date of publication, distribution, etc. 2004
300 ## - PHYSICAL DESCRIPTION
Extent xvi, 207p.
Dimensions 24cm.
350 ## - PRICE (NR) (BK AM CF MU VM SE) [OBSOLETE]
Price 24.95
520 ## - SUMMARY, ETC.
Summary, etc. This book tries to set out the basics of UK copyright law, concentrating on those areas that may affect librarians and archivists in their daily work.
520 ## - SUMMARY, ETC.
Summary, etc. Supersedes second edition (ISBN 1856041689).
650 ## - SUBJECT ADDED ENTRY--TOPICAL TERM
Topical term or geographic name entry element COPYRIGHT
650 ## - SUBJECT ADDED ENTRY--TOPICAL TERM
Topical term or geographic name entry element LIBRARIES
690 ## - LOCAL SUBJECT ADDED ENTRY--TOPICAL TERM (OCLC, RLIN)
Topical term or geographic name as entry element LAW
942 ## - ADDED ENTRY ELEMENTS (KOHA)
Suppress in OPAC 0

No items available.